书目信息 |
| 题名: |
法理学学习指导
|
|
| 作者: | 李文杰 , 朱叶 编 | |
| 分册: | ||
| 出版信息: | 北京 中央广播电视大学出版社 1999.02 |
|
| 页数: | 90页 | |
| 开本: | 20cm | |
| 丛书名: | ||
| 单 册: | ||
| 中图分类: | D90 | |
| 科图分类: | 34.03 | |
| 主题词: | 法理学--电视大学--教学参考资料 , 法理学 | |
| 电子资源: | ||
| ISBN: | 7-304-01638-8 | |
| 000 | 00664nam0 2200241 450 | |
| 001 | 1237692935 | |
| 005 | 20120107102837.78 | |
| 010 | @a7-304-01638-8@dCNY5.50 | |
| 100 | @a20021005d1999 em y0chiy0110 ea | |
| 101 | 0 | @achi |
| 102 | @aCN@b110000 | |
| 105 | @ay z 000yy | |
| 200 | 1 | @a法理学学习指导@9fa li xue xue xi zhi dao@b专著@f朱叶,李文杰编 |
| 210 | @a北京@c中央广播电视大学出版社@d1999.02 | |
| 215 | @a90页@d20cm | |
| 606 | 0 | @a法理学@x电视大学@x教学参考资料 |
| 606 | 0 | @a法理学 |
| 690 | @aD90@v3 | |
| 692 | @a34.03@v2 | |
| 701 | 0 | @a李文杰@9li wen jie@4编 |
| 701 | 0 | @a朱叶@9zhu ye@4编 |
| 801 | 0 | @aCN@bNLC@c19991010 |
| 905 | @aZUCC@dD90@eL282 | |
| 法理学学习指导/朱叶,李文杰编.-北京:中央广播电视大学出版社,1999.02 |
| 90页;20cm |
| ISBN 7-304-01638-8:CNY5.50 |
| ● |
| 相关链接 |
|
|
|
正题名:法理学学习指导
索取号:D90/L282
 
预约/预借
| 序号 | 登录号 | 条形码 | 馆藏地/架位号 | 状态 | 备注 |
| 1 | 480006 | 204800064 | 社科库509/509社科库 80排1列5层/ [索取号:D90/L282] | 在馆 | |
| 2 | 480007 | 204800073 | 社科库509/509社科库 80排1列5层/ [索取号:D90/L282] | 在馆 | |
| 3 | 480008 | 204800082 | 社科库509/509社科库 80排1列5层/ [索取号:D90/L282] | 在馆 |